Hypotekárne bankovníctvo v Nemecku bakalárska práca

Gespeichert in:
Bibliographische Detailangaben
1. Verfasser: Herdová, Renáta
Körperschaft: Národohospodárska fakulta EU. Katedra bankovníctva a medzinárodných financií
Weitere Verfasser: Horvátová, Eva, 1958-
Format: Buch
Sprache:Slowakisch
Veröffentlicht: Bratislava 2017
Tags: Tag hinzufügen
Keine Tags, Fügen Sie das erste Tag hinzu!

MARC

LEADER 00000nbm a2200000 4500
001 0233794
005 20180115153501.7
041 0 |a slo 
044 |a SK 
245 1 0 |a Hypotekárne bankovníctvo v Nemecku  |b bakalárska práca  |c Renáta Herdová ; školiteľ: Eva Horvátová 
264 1 |a Bratislava  |c 2017 
300 |a 53 s. 
100 1 |a Herdová, Renáta 
700 1 |a Horvátová, Eva, 1958- 
710 2 |a Národohospodárska fakulta EU. Katedra bankovníctva a medzinárodných financií